000 02054nam a2200529 i 4500
001 11252
003 KOSZ 005
005 20200602135042.0
008 200602s1968 pl a f 001 0 pol
015 _aUWD 1968/10108
035 _a991036812089705066
035 _a(PL-WaBN)b19881538-48omnis_nlop
035 _ab19881538
035 _a(OCoLC)69525258
035 _a(PL)b0000001988153
035 _a(EXLNZ-48OMNIS_NETWORK)9910020466505606
040 _aWA N
_cWA N
_dKOSZ 005/RW
041 1 _apol
_hger
046 _k1965
080 _a519.2
100 1 _aHänsel, Horst
_eAutor
245 1 0 _aPodstawy rachunku błędów /
_cHorst Hänsel ; tłumaczył Bohdan Krajewski.
246 1 _iTytuł oryginału:
_aGrundzüge der Fehlerrechnung
260 _aWarszawa :
_bWydawnictwa Naukowo-Techniczne,
_c1968.
300 _a148 stron :
_bilustracje ;
_c21 cm.
336 _aTekst
_btxt
_2rdacontent
337 _aBez urządzenia pośredniczącego
_bn
_2rdamedia
338 _aWolumin
_bnc
_2rdacarrier
380 _aKsiążki
380 _aPublikacje fachowe
380 _aPublikacje dydaktyczne
385 _mPoziom nauczania
_aSzkoły wyższe
388 _a1901-2000
388 _a1945-1989
504 _aBibliografia na stronie [145]. Indeks.
521 8 _aKsiążka jest przeznaczona dla osób zajmujących się różnymi pomiarami, przy których należy znać dokładność ich wykonywania i obliczania wyników, a w szczególności dla studentów wyższych uczelni, opracowujących wyniki pomiarów w laboratoriach, fizyków, inżynierów i biologów.
650 7 _aPomiary
_2DBN
650 7 _aBłędy
650 7 _aTeoria błędów
_2DBN
650 7 _aRachunek błędów
658 _aMatematyka
700 1 _aKrajewski, Bohdan
_d(1919-1998)
_eTłumaczenie
710 2 _aWydawnictwa Naukowo-Techniczne
_4pbl
856 _uhttp://koha.tu.koszalin.pl/cgi-bin/koha/opac-detail.pl?biblionumber=11252
_yKatalog online BPK
942 _2UKD
_cKS
999 _c11252
_d11252